Expert determination (Record no. 108455)

MARC details
000 -LEADER
fixed length control field 01156cam a22002415a 4500
001 - CONTROL NUMBER
control field L144325
008 - FIXED-LENGTH DATA ELEMENTS--GENERAL INFORMATION
fixed length control field 080710s2001 xxk f b 001 0 eng d
020 ## - INTERNATIONAL STANDARD BOOK NUMBER
International Standard Book Number 9781847030313
035 ## - SYSTEM CONTROL NUMBER
System control number (Sirsi) u144325
041 0# - LANGUAGE CODE
Language code of text/sound track or separate title eng
050 04 - LIBRARY OF CONGRESS CALL NUMBER
Classification number 347.41067 $2 18
100 1# - MAIN ENTRY--PERSONAL NAME
Personal name Kendall, John
245 00 - TITLE STATEMENT
Title Expert determination
250 ## - EDITION STATEMENT
Edition statement 4th rev. ed.
260 ## - PUBLICATION, DISTRIBUTION, ETC.
Place of publication, distribution, etc. London
Name of publisher, distributor, etc. Sweet & Maxwell
Date of publication, distribution, etc. 2001
300 ## - PHYSICAL DESCRIPTION
Extent xliv, 396p.
Dimensions 24cm.
520 ## - SUMMARY, ETC.
Summary, etc. This book deals with the entire process of expert determination. It gives guidance and advice on drafting clauses, conducting expert determinations, acting as an expert, challenging and enforing decosions and expert determination across different industry sectors. New material in the fourth edition includes case law coverage and recent decision, expert determination in industries including energy and natural resources, rail, PFI/PP and government procurement and guidance for persons appointed as experts.
521 ## - TARGET AUDIENCE NOTE
Target audience note Advanced
651 #4 - SUBJECT ADDED ENTRY--GEOGRAPHIC NAME
Geographic name England and Wales
Chronological subdivision 1543-
690 ## - LOCAL SUBJECT ADDED ENTRY--TOPICAL TERM (OCLC, RLIN)
Topical term or geographic name as entry element MANAGEMENT-DISPUTE AVOIDANCE, MANAGEMENT AND RESOLUTION-DISPUTE MANAGEMENT AND RESOLUTION
942 ## - ADDED ENTRY ELEMENTS (KOHA)
Suppress in OPAC 0
Holdings
Withdrawn status Lost status Source of classification or shelving scheme Damaged status Not for loan Home library Current library Shelving location Date acquired Total Checkouts Barcode Date last seen Date last checked out Copy number Price effective from Koha item type
    Dewey Decimal Classification     London London Books 22/07/2009 5 30076842 06/08/2019 23/12/2009 1 06/08/2019 Book